MARC

LEADER 00000nam0a2200000 4500
001 363209
005 20231102011551.0
035 |a (RuTPU)RU\TPU\retro\20556 
090 |a 363209 
100 |a 20210922d1980 km y0rusy50 ca 
101 0 |a rus 
102 |a RU 
105 |a a z 001zy 
200 1 |a Автоматизация фотограмметрических процессов  |f А. Н. Лобанов, И. Г. Журкин 
210 |a Москва  |c Недра  |d 1980 
215 |a 240 с.  |c ил. 
320 |a Библиогр.: с. 234-237 
320 |a Предм. указ.: с. 238 
606 1 |a Стереофотограмметрические приборы  |2 stltpush  |3 (RuTPU)RU\TPU\subj\56998  |9 74874 
610 1 |a фотограмметрия 
610 1 |a фотограмметрическая съемка 
610 1 |a фотограмметрические методы 
610 1 |a автоматизация 
610 1 |a стереоскопическое зрение 
610 1 |a стереоизомерия 
610 1 |a спектрозональная съемка 
610 1 |a математические методы 
610 1 |a математические модели 
610 1 |a фототриангуляция 
675 |a 528.72  |v 4 
700 1 |a Лобанов  |b А. Н.  |g Алексей Николаевич 
701 1 |a Журкин  |b И. Г.  |g Игорь Георгиевич 
801 1 |a RU  |b 63413507  |c 20210922 
942 |c BK